Discurso de derecho natural /
En realidad el libro es una recopilación realizada por el dueño original del material en donde agrupa diversos textos religiosos que incluyen discursos, poesía y tratados cristianos de diversos autores.
保存先:
| 第一著者: | |
|---|---|
| その他の著者: | , |
| フォーマット: | 図書 |
| 言語: | スペイン語 |
| 主題: | |
| タグ: |
タグなし, このレコードへの初めてのタグを付けませんか!
|
MARC
| LEADER | 00000nam^a2200000^a^4500 | ||
|---|---|---|---|
| 001 | 000379590 | ||
| 005 | 20250526000000.0 | ||
| 009 | 20260310120530.762 | ||
| 037 | |a Acervo Xavier Clavigero | ||
| 041 | |a ESP | ||
| 082 | |a 230. |b GAR | ||
| 100 | |a Garcíadiego, Heraclio |e (autor) | ||
| 245 | 1 | 0 | |a Discurso de derecho natural / |c H. Garcíadiego, E. Tapia de Castellanos, R. Planchet |
| 264 | |a Guadalajara, México : |b Imprenta de Dionisio Rodríguez, |c 1881 | ||
| 300 | |a 1 v. (varias paginaciones) ; |c 21.5 cm. | ||
| 336 | |a texto |b txt |2 rdacontenido | ||
| 337 | |a sin mediación |b n |2 rdamedio | ||
| 338 | |a volumen |b nc |2 rdasoporte | ||
| 501 | |a Encuadernación particular | ||
| 520 | |a En realidad el libro es una recopilación realizada por el dueño original del material en donde agrupa diversos textos religiosos que incluyen discursos, poesía y tratados cristianos de diversos autores. | ||
| 561 | |a Ex libris de Bibl. Magnopontanae Domus Scti. Ioseph. Prov. Mex. Sept. S.I | ||
| 562 | |a Falta cubierta | ||
| 649 | |a XX | ||
| 650 | |a Jesucristo | ||
| 650 | |a Iglesia Católica en Michoacán | ||
| 650 | |a Iglesia Católica en Baja California (Norte) - | ||
| 650 | |a Iglesia Católica en México | ||
| 650 | |a Virtudes Teologales | ||
| 650 | |a Pecado | ||
| 650 | |a Poesía Religiosa | ||
| 650 | |a Literatura Religiosa | ||
| 650 | |a Semana Santa | ||
| 650 | |a Etica y Religión | ||
| 650 | |a Derecho Natural | ||
| 650 | |a Teología Doctrinal | ||
| 650 | |a Teología | ||
| 650 | |a Catolicismo | ||
| 650 | |a Cristianismo - |x Tema Principal | ||
| 650 | |a Religión Comparada | ||
| 650 | |a Religión | ||
| 740 | 3 | |a La Semana Santa / | |
| 740 | 3 | |a El cristianismo comparado con el resto del género humano : |b o sea colección de datos estadísticos de origen más reciente sobre el número de habitantes que se calcula haya en el universo y el de los que profesan la Fé de Jesucristo / | |
| 740 | 0 | |a Primera carta pastoral dirigida al venerable Clero y Diocesanos del Vicariato Apostólico de la Baja California / |c Buenaventura. | |
| 740 | 0 | |a Santa visita pastoral del ilmo. sr. dr. Don Atenogenes Silva, arzobispo de la Arquidiócesis de Michoacán, en la Parroquia de Ario, Michoacán / | |
| 740 | 3 | |a La crítica y la vida de Jesús / | |
| 740 | 4 | |a Los cánticos de los niños / |c E. Tapia de Castellanos. | |
| 740 | 0 | |a Tratados de las leyes y de los pecados / |c R. Planchet. | |
| 740 | 0 | |a Tratado de las virtudes teologales : |b de la teología moral en castellano / |c R. Planchet. | |
| 700 | |a Tapia de Castellanos, Esther |e (autor) | ||
| 700 | |a Planchet, Regis |e (autor) | ||
| 910 | |a Fondo General | ||
| 920 | |a Impresos - Libros | ||
| 930 | |a Libros Antiguos y Raros | ||
| 905 | |a 108 | ||
| 901 | |a 0500274530 |b IT2 |c LRA |u 20250526 | ||
| 902 | |a https://opac.biblio.iteso.mx/vufind/Record/000379590 | ||